El pensamiento irénico y el jurídico en Leibniz (Registro nro. 74373)
[ vista simple ]
| 000 -LEADER | |
|---|---|
| campo de control de longitud fija | 00933nam a2200217 i 4500 |
| 001 - NÚMERO DE CONTROL | |
| campo de control | 74373 |
| 003 - IDENTIFICADOR DE NÚMERO DE CONTROL | |
| campo de control | ES-MaACL |
| 005 - FECHA Y HORA DE LA ÚLTIMA TRANSACCIÓN | |
| campo de control | 20260127062531.0 |
| 007 - CAMPO FIJO DE DESCRIPCIÓN FÍSICA--INFORMACIÓN GENERAL | |
| campo de control de longitud fija | t| |
| 008 - DATOS DE LONGITUD FIJA--INFORMACIÓN GENERAL | |
| campo de control de longitud fija | 040917s1947 sp ||||1| spa d |
| 100 1# - ENTRADA PRINCIPAL--NOMBRE DE PERSONA | |
| Nombre de persona | González Oliveros, Wenceslao. |
| 9 (RLIN) | 58845 |
| 245 13 - MENCIÓN DEL TÍTULO | |
| Título | El pensamiento irénico y el jurídico en Leibniz |
| Resto del título | : discurso leído el día 20 de junio de 1947 en su recepción pública / |
| Mención de responsabilidad, etc. | por Wenceslao González Oliveros ; y contestación de Eduardo Aunós. |
| 260 ## - PUBLICACIÓN, DISTRIBUCIÓN, ETC. | |
| Lugar de publicación, distribución, etc. | Madrid : |
| Nombre del editor, distribuidor, etc. | [s.n., |
| Fecha de publicación, distribución, etc. | 1947] ( |
| Fabricante | Imp. Viuda Galo Sèz) |
| 300 ## - DESCRIPCIÓN FÍSICA | |
| Extensión | 93 p. ; |
| Dimensiones | 25 cm. |
| 500 ## - NOTA GENERAL | |
| Nota general | Precede al tít.: Real Academia de Jurisprudencia y Legislación. |
| 600 14 - PUNTO DE ACCESO ADICIONAL DE MATERIA--NOMBRE DE PERSONA | |
| Nombre de persona | Leibniz, Gottfried Wilhelm |
| Títulos y otros términos asociados al nombre | Freiherr von. |
| 9 (RLIN) | 71367 |
| 700 1# - ENTRADA AGREGADA--NOMBRE PERSONAL | |
| Nombre de persona | Aunós Pérez, Eduardo, |
| Fechas asociadas al nombre | 1894-1967 |
| 9 (RLIN) | 23920 |
| 700 ## - ENTRADA AGREGADA--NOMBRE PERSONAL | |
| Nombre de persona | Real Academia de Jurisprudencia y Legislación de España |
| 9 (RLIN) | 217612 |
| 852 ## - LOCALIZACIÓN | |
| Ubicación | ES-MaACL |
| Número de control de estantería | 1866-F-22 |
| Sublocalización o colección | R.23931 |
| Estatus retirado | Estado de pérdida | Estado de daño | No para préstamo | Colección | Biblioteca de origen | Biblioteca actual | Ubicación en estantería | Fecha de adquisición | Fuente de adquisición | Total de préstamos | Signatura topográfica completa | Código de barras | Visto por última vez | Precio de reemplazo | Tipo de ítem Koha |
|---|---|---|---|---|---|---|---|---|---|---|---|---|---|---|---|
| Colección de folletos | Biblioteca del Ateneo de Madrid | Biblioteca del Ateneo de Madrid | Depósito folletos | 17/01/2008 | 1866-F-22 | 1077854 | 23/02/2023 | 23/02/2023 | Folleto |
